书目信息 |
| 题名: |
赛艇
|
|
| 作者: | ;中国国家体育总局 编 | |
| 分册: | ||
| 出版信息: | 北京 人民体育出版社 1999 |
|
| 页数: | 13,461页 | |
| 开本: | 26cm | |
| 丛书名: | ||
| 单 册: | ||
| 中图分类: | G861.4 | |
| 科图分类: | ||
| 主题词: | 赛艇运动--教练员--教材 , 赛艇运动 | |
| 电子资源: | ||
| ISBN: | 7-5009-1862-3 | |
| 000 | 00719nam0 2200241 45 | |
| 001 | 1130228672 | |
| 005 | 20110309094254.09 | |
| 010 | @a7-5009-1862-3@dCNY35.00 | |
| 100 | @a20110123d1999 em y0chiy0110 ea | |
| 101 | 0 | @achi |
| 102 | @aCN@b110000 | |
| 105 | @ay z 000yy | |
| 106 | @ar | |
| 200 | 1 | @a赛艇@ASai Ting@f中国国家体育总局[编]@FZhong Guo Guo Jia Ti Yu Zong Ju [ Bian ] |
| 210 | @a北京@c人民体育出版社@d1999 | |
| 215 | @a13,461页@d26cm | |
| 300 | @a中国体育教练员岗位培训教材 | |
| 606 | 0 | @a赛艇运动@x教练员@j教材 |
| 606 | 0 | @a赛艇运动 |
| 690 | @aG861.4@v4 | |
| 711 | 02 | @a中国国家体育总局@AZhong Guo Guo Jia Ti Yu Zong Ju@4编 |
| 801 | 0 | @aCN@bTANGWEI@c20110309 |
| 905 | @b0530704-07@dG861.4@e65@f4 | |
| 赛艇/中国国家体育总局[编].-北京:人民体育出版社,1999 |
| 13,461页;26cm |
| 中国体育教练员岗位培训教材 |
| ISBN 7-5009-1862-3:CNY35.00 |
| ● |
| 相关链接 |
|
|
|
|
正题名:赛艇
索取号:G861.4/65
 
预约/预借
| 序号 | 登录号 | 条形码 | 馆藏地/架位号 | 状态 | 备注 |
| 1 | 0530704 | 205307041 | 第一样本阅览室/ [索取号:G861.4/65] | 在馆 | |
| 2 | 0530705 | 205307050 | 第四借阅区/ [索取号:G861.4/65] | 在馆 | |
| 3 | 0530706 | 205307069 | 第四借阅区/ [索取号:G861.4/65] | 在馆 | |
| 4 | 0530707 | 205307078 | 密集书库-体育系/ [索取号:G861.4/65] | 在馆 |